书目信息 |
| 题名: |
大连古建筑测绘十书
|
|
| 作者: | 王丹 主编 ;周荃 , 李皓男 著 | |
| 分册: | 三清观 | |
| 出版信息: | 南京 江苏科学技术出版社 2016.5 |
|
| 页数: | 80页 | |
| 开本: | 29cm | |
| 丛书名: | ||
| 单 册: | ||
| 中图分类: | TU198-64 | |
| 科图分类: | ||
| 主题词: | 古建筑--建筑测量--辽宁--大连--图集 , 道教--寺庙--宗教建筑--建筑测量--辽宁--大连--图集 | |
| 电子资源: | ||
| ISBN: | 978-7-5537-6239-5 | |
| 000 | 01073nam0 2200289 450 | |
| 001 | 0400002698 | |
| 005 | 20171021132555.0 | |
| 010 | @a978-7-5537-6239-5@dCNY88.80 | |
| 100 | @a20160531d2016 em y0chiy50 ea | |
| 101 | 0 | @achi |
| 102 | @aCN@b320000 | |
| 105 | @aa z 000yy | |
| 106 | @ar | |
| 200 | 1 | @a大连古建筑测绘十书@9da lian gu jian zhu ce hui shi shu@i三清观@f周荃,王丹,李皓男著 |
| 210 | @a南京@c江苏科学技术出版社@d2016.5 | |
| 215 | @a80页@d29cm | |
| 314 | @a主编:王丹 | |
| 330 | @a本书将作者七年的测绘成果加以整理、遴选、完善,这些测绘图是大连理工大学建筑学院师生们辛劳和汗水的结晶,是一份珍贵的资料集,展示了三清观整体与局部的结构、造型与细部,尽可能多地保留了三清观测绘的原始数据。 | |
| 517 | 1 | @a三清观@9san qing guan |
| 606 | 0 | @a古建筑@x建筑测量@y辽宁@y大连@j图集 |
| 606 | 0 | @a道教@x寺庙@x宗教建筑@x建筑测量@y辽宁@y大连@j图集 |
| 690 | @aTU198-64@v5 | |
| 701 | 0 | @a王丹@9wang dan@4主编@4著 |
| 702 | 0 | @a周荃@9zhou quan@4著 |
| 702 | 0 | @a李皓男@9li hao nan@4著 |
| 801 | 0 | @aCN@b91MARC@c20171021 |
| 905 | @b1032585-9@dTU198-64@f5@e1143 | |
| 大连古建筑测绘十书.三清观/周荃,王丹,李皓男著.-南京:江苏科学技术出版社,2016.5 |
| 80页;29cm |
| ISBN 978-7-5537-6239-5:CNY88.80 |
| 本书将作者七年的测绘成果加以整理、遴选、完善,这些测绘图是大连理工大学建筑学院师生们辛劳和汗水的结晶,是一份珍贵的资料集,展示了三清观整体与局部的结构、造型与细部,尽可能多地保留了三清观测绘的原始数据。 |
| ● |
| 相关链接 |
|
|
|
|
正题名:大连古建筑测绘十书
索取号:TU198-64/1143
 
预约/预借
| 序号 | 登录号 | 条形码 | 馆藏地/架位号 | 状态 | 备注 |
| 1 | 1032585 | 210325851 | 第二样本阅览室/ [索取号:TU198-64/1143] | 在馆 | |
| 2 | 1032586 | 210325860 | 密集书库-生命科学系/ [索取号:TU198-64/1143] | 在馆 | |
| 3 | 1032587 | 210325879 | 第三借阅区/ [索取号:TU198-64/1143] | 在馆 | |
| 4 | 1032588 | 210325888 | 第三借阅区/ [索取号:TU198-64/1143] | 在馆 | |
| 5 | 1032589 | 210325897 | 第三借阅区/ [索取号:TU198-64/1143] | 在馆 |